=LDR 00000nam 2200000 4500 =001 INLIS000000000003735 =005 20130612092034 =008 ***********************************Ind** =035 ##$$0010-061300000003735 =041 ##$$a Ind =082 ##$$a 610 =090 ##$$a 610, Dar =245 ##$$a Dari hati sampai ke mata, disunting oleh, Abdul Aziz Jainab =260 ##$$a 1988 $b Padang =300 ##$$a xix, 195 hlm., 21 cm =650 ##$$a Kedokteran =700 ##$$a Jainab, Abdul Aziz =850 ##$$a NBPNMAT